00369 2200145 4500245007900000250001100079100002600090650001600116650001700132005001900149260001800168041001400186084001400200336000900214 aThe Unstopable Me b : A Story of ResiliencecClarisa Yuliani UtamihText aCet. 1 aClarisa Yuliani Utami aKarya Siswa aAutobiografi a20250520112805 aJakartac2025 aIndonesia a081 CLA t atext